Estadísticas para POBLES DEL MONTSIÀ

Haz click aquí para intentar la prueba.

Estadísticas generales

  • Esta prueba ha sido intentada 24 veces
    (18 desde el último reinicio)
  • La puntuación promedio es 11 de 12

Estadísticas de respuestas

INICIALMUNICIPI% Correcto
AAmposta
100%
FFreginals
100%
Gla Galera
100%
Rla Ràpita
100%
Sla Sénia
100%
SSanta Bàrbara
100%
SSant Jaume d'Enveja
100%
UUlldecona
100%
AAlcanar
83%
MMas de Barberans
83%
MMasdenverge
83%
GGodall
50%

Distribución de puntuación

Porcentaje por número respondido

Porcentaje de gente con cada puntuación

Historial de tus puntuaciones

No has intentado esta prueba desde el último reinicio